000 00192nam a2200085Ia 4500
008 170620s9999 xx 000 0 und d
100 _aKAILASH -RAJ
245 0 _aLEGAL ETHICS
260 _bALLAHABAD : C L P
260 _c2008
999 _c29473
_d29473